Grupos en contexto. Liderazgo y participación en grupos pequeños

محفوظ في:
التفاصيل البيبلوغرافية
المؤلف الرئيسي: Wilson, Gerald L (مؤلف)
التنسيق: كتاب
اللغة:الإسبانية
منشور في: Ciudad de México McGraw Hill-Interamericana 2007
الطبعة:7a. ed
الموضوعات:
الوسوم: إضافة وسم
لا توجد وسوم, كن أول من يضع وسما على هذه التسجيلة!

MARC

LEADER 00000nam a2200000 a 4500
001 UCI3027
003 CL-VaPUC
008 071012e20070000MX |||||||||||||||||spa|d
020 |a 9789701061541 
082 0 4 |a 302.3  |b WIL  |2 21 
100 0 |a Wilson, Gerald L  |e author  |9 524342 
245 1 0 |a Grupos en contexto. Liderazgo y participación en grupos pequeños 
250 |a 7a. ed 
300 |a 412 p 
942 |c BK 
945 |d 20071012 00:00:00  |a rbrito 
260 |a Ciudad de México  |b McGraw Hill-Interamericana  |c 2007 
650 0 |a Dinámica de grupos   |9 259862 
650 7 |a COMPORTAMIENTO DE GRUPO  |2 CL-VaPUC  |9 335588 
650 0 |a Dinámica social  |9 334923 
650 0 |a Comportamiento   |9 308406 
650 0 |a Liderazgo  |9 271835 
650 7 |a COMUNICACION EN GRUPO  |2 CL-VaPUC  |9 524343 
650 7 |a ENSEÑANZA EN EQUIPO  |2 CL-VaPUC  |9 524344 
650 7 |a RELACIONES ENTRE GRUPOS  |2 CL-VaPUC  |9 337590 
583 |a last modification  |c 20071012 00:00:00  |k Rodrigo Vera 
999 |c 327423  |d 327421 
952 |0 0  |1 0  |4 0  |6 302_300000000000000_WIL_2007  |7 0  |8 A  |9 410246  |a BIBEDU  |b BIBEDU  |d 2019-11-22  |i 4378393  |l 1  |m 1  |o 302.3 WIL 2007  |p 4378393  |r 2024-11-11  |s 2024-10-07  |w 2019-11-22  |y BK  |k PSI 
952 |0 0  |1 0  |4 0  |6 302_300000000000000_WIL_2007  |7 0  |8 A  |9 410247  |a BIBEDU  |b BIBEDU  |d 2019-11-22  |i 4469682  |o 302.3 WIL 2007  |p 4469682  |r 2019-11-22  |w 2019-11-22  |y BK  |k PSI